Statistics for Top 100 Baby Girl Names (2013)

Click here to take the quiz!

General Stats

  • This quiz has been taken 2,877 times
  • The average score is 47 of 100

Answer Stats

Answer% Correct
Ellie
92%
Emma
89%
Emily
85%
Isabella
84%
Olivia
84%
Bella
81%
Elizabeth
81%
Sofia
80%
Sophia
80%
Sophie
80%
Anna
78%
Ava
78%
Ella
78%
Sarah
78%
Hannah
75%
Charlotte
72%
Chloe
72%
Khloe
72%
Grace
71%
Mia
71%
Lillian
70%
Lily
70%
Amelia
67%
Madison
65%
Victoria
65%
Abigail
63%
Katherine
63%
Julia
60%
Lauren
60%
Eva
59%
Zoe
59%
Zoey
59%
Natalie
57%
Samantha
56%
Alexa
54%
Lucy
54%
Evelyn
53%
Hailey
53%
Ashley
51%
Makayla
51%
Alexis
50%
Kayla
49%
Addison
48%
Alexandra
46%
Nicole
46%
Harper
45%
Taylor
45%
Aria
44%
Avery
44%
Leah
44%
Claire
43%
Caroline
41%
Ruby
41%
Alyssa
39%
Riley
39%
Gabriella
38%
Madeline
38%
Madelyn
38%
Maya
38%
Violet
38%
Ariana
37%
Arianna
37%
Faith
37%
Brianna
36%
Kylee
36%
Scarlett
36%
Audrey
35%
Layla
35%
Nora
35%
Brooklyn
34%
Penelope
34%
Aubree
33%
Aubrey
33%
Mila
33%
Allison
31%
Stella
29%
Savannah
28%
Annabelle
27%
Mackenzie
27%
Sadie
27%
Kaylee
26%
Naomi
26%
Morgan
25%
Camila
23%
Lydia
23%
Melanie
23%
Peyton
22%
Aaliyah
20%
Autumn
20%
Sydney
20%
Nevaeh
19%
Kennedy
18%
Gianna
17%
Piper
17%
Jocelyn
15%
Paisley
14%
Serenity
13%
Skylar
13%
London
12%
Genesis
10%

Score Distribution

Percentile by Number Answered

Percent of People with Each Score

Your Score History

You have not taken this quiz